Faktor dopravy na logistickém systému. 1

Doprava ako významný faktor v logistickom reťazci. Postavenie a funkcia dopravy v logistickom reťazci. Funkčná efektívnosť dopravy.

Salvato in:
Dettagli Bibliografici
Autore principale: Svoboda, Václav
Natura: Capitolo di libro
Lingua:ceco
Soggetti:
Tags: Aggiungi Tag
Nessun Tag, puoi essere il primo ad aggiungerne!!

MARC

LEADER 00000naa a2200000 4500
001 r019792
005 20221205102224.2
041 0 |a cze 
044 |a CZ 
245 1 0 |a Faktor dopravy na logistickém systému. 1  |c V. Svoboda 
520 |a Doprava ako významný faktor v logistickom reťazci. Postavenie a funkcia dopravy v logistickom reťazci. Funkčná efektívnosť dopravy. 
610 2 0 |a logistika 
610 2 0 |a doprava 
610 2 0 |a reťazce logistické 
610 2 0 |a efektívnosť ekonomická 
100 1 |a Svoboda, Václav